000
00286nam a22001217a 4500
008
160503b xxu||||| |||| 00| 0 eng d
020
_a
9780838525944
020
_a
083525946
041
_a
eng
080
_a
612.8
245
_a
Fundamental of nursing:
_c
Karen J. Berger;
942
_2
udc
_c
BK
999
_c
1721
_d
1721